[Event "Foxwoods op 15th"]
[Site "Ledyard"]
[Date "2023.04.08"]
[Round "6"]
[White "Kilari, Dattasai"]
[Black "Rogers, Norman"]
[Result "0-1"]
[WhiteElo "1754"]
[BlackElo "2073"]
[PlyCount "112"]
[EventDate "2023.04.05"]
[EventType "swiss"]
[EventRounds "9"]
[EventCountry "USA"]
[SourceTitle "CBM 213 Extra"]
[Source "ChessBase"]
[SourceDate "2023.05.31"]
[SourceVersion "1"]
[SourceVersionDate "2023.05.31"]
[SourceQuality "1"]

1. d4 Nf6 2. Nf3 g6 3. Bg5 Bg7 4. Nbd2 0-0 5. e4 d6 6. c3 Nbd7 7. Bc4 e5 8. 0-0 c6 9. Bb3 Qe7 10. Re1 h6 11. Bh4 Rd8 12. Qc2 g5 13. Bg3 Nh5 14. Nf1 Nf4 15. Ne3 Nf8 16. Nf5 Qf6 17. Rad1 Be6 18. Bxe6 Qxe6 19. Bxf4 exf4 20. b4 Ng6 21. h3 Bf8 22. Nh2 a5 23. d5 Qe5 24. Ng4 Qh8 25. Qb3 h5 26. Nh2 axb4 27. Qxb4 c5 28. Qb3 Ne5 29. Nf3 Qf6 30. Nxe5 Qxe5 31. Qc2 Kh7 32. Rb1 Rd7 33. Qe2 Kg6 34. Rb6 Qxc3 35. Reb1 c4 36. Rxb7 Rxb7 37. Rxb7 Qa1+ 38. Kh2 Rxa2 39. Qxc4 f3 40. Qc7 Qe5+ 41. Ng3 Qf4 42. Qd7 Rxf2 43. Qf5+ Qxf5 44. exf5+ Kh6 45. Ne4 Rxg2+ 46. Kh1 Re2 47. Nf6 Bg7 48. Rxf7 Re1+ 49. Kh2 f2 50. Ng8+ Kh7 51. Nf6+ Kh8 52. Rxg7 Kxg7 53. Nxh5+ Kh6 54. Ng3 f1Q 55. Nxf1 Rxf1 56. h4 gxh4 0-1